A becsei vízlépcsőnél
Elmentve itt :
| Szerző: | |
|---|---|
| Dokumentumtípus: | Cikk |
| Megjelent: |
1974-05-19
|
| Sorozat: | Délmagyarország
64 No. 115 |
| Kulcsszavak: | árvízvédelem, vízszabályozás |
| Online Access: | http://dmarchiv.bibl.u-szeged.hu/101997 |
| LEADER | 00474nab a2200157 i 4500 | ||
|---|---|---|---|
| 001 | delm101997 | ||
| 005 | 20190415110251.0 | ||
| 008 | 190415s1974 hu o 0|| hun d | ||
| 040 | |a SZTE Délmagyarország Archívum |b hun | ||
| 041 | |a hun | ||
| 100 | 1 | |a Simon István, | |
| 245 | 1 | 2 | |a A becsei vízlépcsőnél |h [elektronikus dokumentum] / |c Szegedi Simon István, |
| 260 | |c 1974-05-19 | ||
| 300 | |a 3 | ||
| 490 | 0 | |a Délmagyarország |v 64 No. 115 | |
| 695 | |a árvízvédelem, vízszabályozás | ||